000 00984nam a22003497a 4500
001 BR2014003327
003 BR-BrBNA
005 20230928104448.0
007 ta
008 230509b bl.||||| |||| 00| 0 por d
040 _aBR-BrBNA
_bpor
_cBiblioteca Nacional de Agricultura
041 _a(Por)
072 _aP31
090 _ P31 BR2014003327
100 1 _aBognola, I.A.
100 1 _aCurcio, G.R.
100 1 _aGomes, J.B.V.
100 1 _aCaviglione, J.H.
100 1 _aCardoso, A.
100 1 _aCarvalho, A.P. de
110 1 _aInsituto Agronômico do Paraná, Londrina, PR (Brasil)
245 1 _aLevantamento semidetalhado de solos do município de Londrina
260 3 _aLondrina, PR (Brasil):
_c2011.
300 _a100 p.
500 _a1 CD-ROM; 24 ref.; 18 illus.; 17 tables
650 _aRECONHECIMENTO DO SOLO
650 _aLONDRINA
650 _aSOLO
650 _aCLASSIFICAÇÃO DO SOLO
909 _a202309
_bLucia
_c55
_dLucia Elande
942 _cBK
999 _c80046
_d80046